|
|
|
|
| LEADER |
00000cam a2200000 7i4500 |
| 001 |
0000066987 |
| 005 |
20161013.0 |
| 008 |
161013 |
| 020 |
|
|
|a 983701699x
|
| 090 |
0 |
0 |
|a R540
|b TAN
|
| 100 |
1 |
|
|a Tan Eng Chai & Tneh Cheng Pei
|
| 245 |
1 |
0 |
|a Kimia :
|b tingkatan 5 kbsm
|c Tan Cheng Pei & Tneh Cheng Pei
|
| 260 |
|
|
|a Shah Alam :
|b Cerdik Publications ,
|c 2004
|
| 440 |
|
|
|a Penilaian Pestasi
|
| 999 |
|
|
|a 0000907154
|b Book
|c REFERENCE
|e Cawangan Bandar Tenggara
|
| 999 |
|
|
|a 0000907155
|b Book
|c REFERENCE
|e Cawangan Bandar Tenggara
|
| 999 |
|
|
|a 0000907156
|b Book
|c REFERENCE
|e Cawangan Bandar Tenggara
|